|
|
|
|
| LEADER |
00000nam a2200000 a 4500 |
| 001 |
vtls001403414 |
| 003 |
SK-MaSNL |
| 005 |
20260302034909.0 |
| 008 |
001221s1992 xr 0 cze |
| 020 |
|
|
|c 429.00 Sk
|
| 035 |
|
|
|a SNK000357964
|
| 040 |
|
|
|a SNK
|b slo
|c SNK
|e AACR2
|
| 044 |
|
|
|a CZ
|
| 080 |
|
|
|a 791-43-22(437.1)(086.8)
|2 1981
|
| 245 |
1 |
|
|a Dědictví aneb kurvahošigutntag
|h videozáznam
|c réžia Věra Chytilová
|
| 260 |
|
|
|a Praha
|b Space Films
|c 1992
|
| 300 |
|
|
|a 1 videokazeta (120 min.)
|b stereo, fareb., VHS systém PAL
|c 10x19 cm
|
| 511 |
|
|
|a Hrajú: Bolek Polívka, Anna Pantůčková, Dáša Veškrnová, Jozef Kroner, Karel Gott, Miroslav Donutil
|
| 650 |
0 |
7 |
|a filmová komédia
|2 SNK
|9 73961
|
| 655 |
|
7 |
|a videokazety
|2 SNK
|9 70726
|
| 700 |
1 |
|
|a Chytilová, Věra,
|d 1929-2014
|4 aud
|9 100834
|
| 700 |
1 |
|
|a Polívka, Boleslav,
|d 1949-
|4 uci
|9 120086
|
| 700 |
1 |
|
|a Pantůčková, Anna
|4 uci
|9 687067
|
| 700 |
1 |
|
|a Havlová, Dagmar,
|d 1953-
|4 uci
|9 27219
|
| 700 |
1 |
|
|a Kroner, Jozef,
|d 1924-1998
|4 uci
|9 101889
|
| 700 |
1 |
|
|a Gott, Karel,
|d 1939-2019
|4 uci
|9 98862
|
| 700 |
1 |
|
|a Donutil, Miroslav,
|d 1951-
|4 uci
|9 98588
|
| 999 |
|
|
|c 1068331
|d 1070261
|
| 952 |
|
|
|a SNK
|b SNK
|y PREZ
|7 0
|p 17A0261391
|o snkIVC 127
|i snkJK 543/2000
|0 0
|1 0
|4 0
|d 2000-12-21
|l 0
|r 2005-01-02 00:00:00
|w 2026-02-24
|